Alle Bahnhöfe in Rheinland-Pfalz (SPNV) - Statistiken

Allgemein
  • Dieses Quiz wurde 109 mal gespielt
  • Das Durchschnittsergebnis liegt bei 123 aus 448
Antwortstatistiken
Station % Korrekt
Mainz Hauptbahnhof
96%
Koblenz Hauptbahnhof
94%
Kaiserslautern Hauptbahnhof
92%
Worms Hauptbahnhof
92%
Ludwigshafen (Rhein) Hauptbahnhof
90%
Trier Hauptbahnhof
90%
Bingen (Rhein) Hauptbahnhof
88%
Neustadt (Weinstraße) Hauptbahnhof
88%
Neuwied
85%
Bad Kreuznach
83%
Cochem (Mosel)
83%
Pirmasens Hauptbahnhof
81%
Spay
81%
Alzey
79%
Andernach
79%
Bitburg-Erdorf
79%
Ingelheim
79%
Speyer Hauptbahnhof
79%
St. Goar
79%
Landau (Pfalz) Hauptbahnhof
77%
Wittlich Hauptbahnhof
75%
Bad Neuenahr
73%
Frankenthal Hauptbahnhof
73%
Montabaur
73%
Boppard Hauptbahnhof
71%
Remagen
71%
St. Goarshausen
71%
Ahrweiler
69%
Zweibrücken Hauptbahnhof
69%
Konz
67%
Sinzig (Rhein)
65%
Berg (Pfalz)
63%
Diez
63%
Gerolstein
63%
Linz (Rhein)
63%
Mainz Römisches Theater
63%
Bullay DB
58%
Germersheim
58%
Idar-Oberstein
58%
Saarburg (Bz Trier)
58%
Bacharach
56%
Bad Dürkheim
56%
Kobern-Gondorf
56%
Koblenz-Lützel
56%
Kusel
56%
Altenkirchen (Westerwald)
54%
Bad Ems
54%
Bingen (Rhein) Stadt
54%
Koblenz Stadtmitte
54%
Ludwigshafen (Rhein) Mitte
54%
Schweich DB
54%
Traben-Trarbach DB
54%
Urmitz Rheinbrücke
54%
Wörth (Rhein)
54%
Bad Breisig
52%
Landstuhl
52%
Mainz-Mombach
52%
Mainz Nord
52%
Schifferstadt
52%
Betzdorf (Sieg)
50%
Ehr
50%
Kirchheim (Weinstraße)
50%
Haßloch (Pfalz)
48%
Mülheim-Kärlich
48%
Niederlahnstein
48%
Oberwesel
48%
Treis-Karden
48%
Trier Süd
48%
Unkel
48%
Auw an der Kyll
46%
Ehrang Ort
46%
Gau Algesheim
46%
Kirchheimbolanden
46%
Oberlahnstein
46%
Trier West
46%
Ahrbrück
44%
Bad Bergzabern
44%
Koblenz-Ehrenbreitstein
44%
Nassau (Lahn)
44%
Oberwinter
44%
Rhens
44%
Bad Münster am Stein
42%
Bad Sobernheim
42%
Braubach
42%
Münster-Sarmsheim
42%
Rockenhausen
42%
Engers
40%
Kandel
40%
Laubenheim (Nahe)
40%
Mainz-Laubenheim
40%
Mendig
40%
Ramstein
40%
Rolandseck
40%
Siershahn
40%
Westerburg
40%
Wissen (Sieg)
40%
Annweiler am Trifels
38%
Boppard-Bad Salzig
38%
Budenheim
38%
Emmelshausen
38%
Grünstadt
38%
Hachenburg
38%
Hochspeyer
38%
Kaisersesch
38%
Lambrecht (Pfalz)
38%
Limburgerhof
38%
Ludwigshafen-Oggersheim
38%
Weißenthurm
38%
Bad Hönningen
35%
Bobenheim
35%
Boppard-Hirzenach
35%
Ediger-Eller
35%
Heimbach (Nahe)
35%
Igel
35%
Kaub
35%
Kirchen
35%
Kreuz Konz
35%
Kyllburg
35%
Löf
35%
Ludwigshafen (Rhein) BASF Mitte
35%
Ludwigshafen (Rhein) BASF Nord
35%
Ludwigshafen (Rhein) BASF Süd
35%
Mainz-Gonsenheim
35%
Mayen Ost
35%
Nieder Olm
35%
Osthofen
35%
Pirmasens Nord
35%
Altenahr
33%
Böhl-Iggelheim
33%
Brohl
33%
Diez Ost
33%
Erpel (Rhein)
33%
Hatzenport
33%
Kirn
33%
Klein Winternheim-Ober Olm
33%
Landau (Pfalz) Süd
33%
Niederheimbach
33%
Nierstein
33%
Osterspai
33%
Pfalzel
33%
Winden (Pfalz)
33%
Winningen (Mosel)
33%
Bruchmühlbach-Miesau
31%
Daaden
31%
Dahn
31%
Eisenberg (Pfalz)
31%
Frankenthal Süd
31%
Kaiserslautern West
31%
Landau (Pfalz) West
31%
Lauterecken-Grumbach
31%
Leubsdorf (Rhein)
31%
Ludwigshafen-Rheingönheim
31%
Oppenheim
31%
Speicher
31%
Vallendar
31%
Winnweiler
31%
Glan-Münchweiler
29%
Guntersblum
29%
Heidesheim (Rheinhessen)
29%
Koblenz-Güls
29%
Konz Mitte
29%
Laurenburg (Lahn)
29%
Mayen West
29%
Neustadt (Weinstraße) Süd
29%
Neustands (Weinstraße) Böbig
29%
Bingen-Gaulsheim
27%
Edenkoben
27%
Föhren
27%
Hinterweidenthal
27%
Hinterweidenthal Ort
27%
Kamp-Bornhofen
27%
Kestert
27%
Koblenz-Moselweiß
27%
Müden (Mosel)
27%
Münchweiler (Alsenz)
27%
Münchweiler (Rodalb)
27%
Neidenfels
27%
Oberbettingen-Hillesheim
27%
Plaidt
27%
Rodalben
27%
Salmtal
27%
Trechtingshausen
27%
Uhlerborn
27%
Waggonfabrik
27%
Wörrstadt
27%
Baumholder
25%
Bodenheim
25%
Enkenbach
25%
Frankenstein (Pfalz)
25%
Langenlonsheim
25%
Miesenbach
25%
Moselkern
25%
Neubrücke (Nahe)
25%
Niederschelden
25%
Nistertal-Bad Marienberg
25%
Rheinbrohl
25%
Trier Hafenstraße
25%
Wirges
25%
Albig
23%
Alsheim
23%
Alzey Süd
23%
Armsheim
23%
Bad Ems West
23%
Balduinstein
23%
Bundenthal-Rumbach
23%
Dausenau
23%
Freinsheim
23%
Germersheim Mitte Rhein
23%
Hauenstein (Pfalz)
23%
Hauptstuhl
23%
Hinterweidenthal Ost
23%
Kindsbach
23%
Ludwigshafen-Mundenheim
23%
Maikammer-Kirrweiler
23%
Monsheim
23%
Namedy
23%
Staudernheim
23%
Wolfstein
23%
Ahrweiler Markt
21%
Alsenz
21%
Bellheim
21%
Brachbach
21%
Contwig
21%
Dernau
21%
Einsiedlerhof
21%
Filsen
21%
Gensingen-Horrweiler
21%
Herdorf
21%
Hochstätten (Pfalz)
21%
Insheim
21%
Jockgrim
21%
Jünkerath
21%
Karthaus
21%
Maximiliansau im Rüsten
21%
Nackenheim
21%
Pfeddersheim
21%
Rheinzabern
21%
Rohrbach (Pfalz)
21%
Schifferstadt Süd
21%
Schoden-Ockfen
21%
Speyer Nord-West
21%
Trier-Euren
21%
Ürzig DB
21%
Weidenthal
21%
Altenglan
19%
Alzey West
19%
Bad Bodendorf
19%
Dahn Süd
19%
Deidesheim
19%
Germersheim Süd Nolte
19%
Heiligenstein (Pfalz)
19%
Herxheim am Berg
19%
Imsweiler
19%
Leutesdorf (Rhein)
19%
Nievern
19%
Ramsen
19%
Rülzheim
19%
Saulheim
19%
Sondernheim
19%
Sprendlingen (Rheinhessen)
19%
Steinfeld (Pfalz)
19%
Wachenheim (Pfalz)
19%
Walporzheim
19%
Wörth (Rhein) Mozartstraße
19%
Barbelroth
17%
Berghausen (Pfalz)
17%
Boppard Süd
17%
Bretzenheim (Nahe)
17%
Quint
17%
Edesheim (Pfalz)
17%
Friedrichssegen
17%
Godramstein
17%
Hagenbach
17%
Hauenstein Mitte
17%
Heimersheim Lohrsdorf
17%
Hochstetten (Nahe)
17%
Kapellen-Drusweiler
17%
Kapsweyer
17%
Knöringen-Essingen
17%
Kruft
17%
Lambsheim
17%
Lampertsmühle-Otterbach
17%
Mainz-Marienborn
17%
Martinstein
17%
Maximiliansau Eisenbahnstraße
17%
Maximiliansau West
17%
Mettenheim
17%
Miesenheim
17%
Monreal
17%
Neuburg (Rhein)
17%
Obernhof (Lahn)
17%
Ockenheim
17%
Philippsheim
17%
Reil DB
17%
Schaidt (Pfalz)
17%
Scheuerfeld (Sieg)
17%
Schweighofen
17%
Siebeldingen-Birkweiler
17%
Steinweiler
17%
Usch-Zendscheid
17%
Vogelweh
17%
Wilgartswiesen
17%
Wörth (Rhein) Zügelstraße
17%
Albersweiler (Pfalz)
15%
Annweiler-Sarnstall
15%
Bad Dürkheim-Trift
15%
Bellheim Am Mühlbuckel
15%
Etzbach
15%
Fachingen (Lahn)
15%
Fischbach-Weierbach
15%
Freimersheim (Rheinhessen)
15%
Freusburg Siedlung
15%
Gau Bickelheim
15%
Gundersheim (Rheinhessen)
15%
Hetzerath
15%
Kattenes
15%
Kirnsulzbach
15%
Klotten
15%
Kottenheim
15%
Lehmen
15%
Lingenfeld
15%
Mayschoß
15%
Mußbach
15%
Neef
15%
Nieder Flörsheim-Dalsheim
15%
Niederhövels
15%
Rech
15%
Rheinzabern Alte Römerstraße
15%
Rheinzabern Rappengasse
15%
Rinnthal
15%
Rülzheim Freizeitzentrum
15%
Sehlem (Kr Wittlich)
15%
Serrig
15%
Thaleischweiler-Fröschen
15%
Thür
15%
Trier-Zewen
15%
Unnau-Korb
15%
Wehr (Mosel)
15%
Bengel
13%
Bruchweiler-Bärenbach
13%
Busenberg-Schindhard
13%
Dernbach (Westerwald)
13%
Eiswoog
13%
Galgenschanze
13%
Ingelbach
13%
Kanzem
13%
Kloster Marienthal
13%
Kordel
13%
Kreuzberg (Ahr)
13%
Mudersbach
13%
Oberbillig
13%
Pommern (Mosel)
13%
Schopp
13%
St. Thomas
13%
Taben
13%
Trier-Pallien
13%
Urmersbach
13%
Wörth (Rhein) Alte Bahnmeisterei
13%
Alsdorf (Sieg)
10%
Breitscheidt (Kr Altenkirchen)
10%
Dienheim
10%
Enspel
10%
Eppelsheim (Rheinhessen)
10%
Grünebacher Hütte
10%
Hattert
10%
Hohegrete
10%
Hohenecken
10%
Kaiserslautern Pfaffwerk
10%
Kennelgarten
10%
Lissendorf
10%
Obererbach
10%
Palzem
10%
Steinalben
10%
Wahlheim (Kr Alzey)
10%
Waldfischbach
10%
Welgesheim-Zotzenheim
10%
Wiltingen (Saar)
10%
Altenbamberg
8%
Biersdorf-Ort (Westerwald)
8%
Birresborn
8%
Boppard-Buchholz
8%
Boppard-Fleckertshöhe
8%
Büdingen (Westerwald)
8%
Densborn
8%
Goldhausen
8%
Grünebach Ort
8%
Grünstadt Nord
8%
Hoppstädten (Nahe)
8%
Hüttingen
8%
Königsstollen
8%
Mürlenbach
8%
Niedermohr
8%
Nittel
8%
Obermohr
8%
Sassenroth
8%
Schutzbach
8%
Temmels
8%
Wallertheim
8%
Wellen (Mosel)
8%
Zweibrücken-Rosengarten
8%
Daufenbach
6%
Dreikirchen
6%
Erpolzheim
6%
Girod
6%
Heimbach (Nahe) Ort
6%
Hohensülzen
6%
Kövenig
6%
Langenhahn
6%
Monzingen
6%
Moosbachtal
6%
Niederdreisbach
6%
Niedererbach
6%
Nohen
6%
Norheim
6%
Olsbrücken
6%
Rieschweiler
6%
Rotenhain
6%
Steinwenden
6%
Wasserliesch
6%
Weisenheim (Sand)
6%
Wincheringen
6%
Albsheim (Eis)
4%
Asselheim
4%
Berzhahn
4%
Bockenheim-Kindenheim
4%
Dellfeld
4%
Dellfeld Ort
4%
Ebertsheim
4%
Flomersheim
4%
Höhmühlbach
4%
Katzweiler
4%
Kreimbach-Kaulbach
4%
Kronweiler
4%
Lohnweiler
4%
Mertesheim
4%
Rammelsbach
4%
Rehweiler
4%
Stambach
4%
Steinefrenz
4%
Theisbergstegen
4%
Willmenrod
4%
Heinzenhausen
2%
Hirschhorn (Pfalz)
2%
Matzenbach
2%
Reckweilerhof
2%
Roßbach (Pfalz)
2%
Ruschberg
2%
Sulzbachtal
2%
Keine übereinstimmenden Quizze gefunden
Verteilung der Resultate
Anzahl Personen mit jedem Resultat
Perzentil nach korrekt beantworteten Fragen
Ihre Resultats-Entwicklung
Sie haben dieses Quiz noch nicht gespielt